Análisis y diseño de sistemas en instalaciones IBM / (Registro nro. 39464)
[ vista simple ]
| 000 -CABECERA | |
|---|---|
| campo de control de longitud fija | 00488nam a2200145 a 4500 |
| 001 - NÚMERO DE CONTROL | |
| campo de control | 000039974 |
| 005 - FECHA Y HORA DE LA ÚLTIMA TRANSACCIÓN | |
| campo de control | 20201002033836.0 |
| 008 - DATOS DE LONGITUD FIJA--INFORMACIÓN GENERAL | |
| campo de control de longitud fija | 130801s1977 mx a 000 0 spa d |
| 040 ## - FUENTE DE LA CATALOGACIÓN | |
| Centro catalogador/agencia de origen | DO-SdBNP |
| Lengua de catalogación | spa |
| Centro/agencia transcriptor | BNPHU |
| 100 1# - ENTRADA PRINCIPAL--NOMBRE DE PERSONA | |
| Nombre de persona | Murray, Jerome T. |
| 9 (RLIN) | 66195 |
| 240 10 - TÍTULO UNIFORME | |
| Título uniforme | Systems analysis and design : in an IBM environment |
| Lenguaje de la obra | Español |
| 245 10 - MENCIÓN DE TÍTULO | |
| Título | Análisis y diseño de sistemas en instalaciones IBM / |
| Mención de responsabilidad, etc. | Jerome T. Murray. |
| 260 ## - PUBLICACIÓN, DISTRIBUCIÓN, ETC. | |
| Lugar de publicación, distribución, etc. | México : |
| Nombre del editor, distribuidor, etc. | Limusa, |
| Fecha de publicación, distribución, etc. | 1977. |
| 300 ## - DESCRIPCIÓN FÍSICA | |
| Extensión | 308 p. : |
| Otras características físicas | ils. ; |
| Dimensiones | 25 cm. |
| Estado de retiro | Estado de pérdida | Restricciones de uso | No para préstamo | Código de colección | Localización permanente | Ubicación/localización actual | Ubicación en estantería | Fecha de adquisición | Número de inventario | Total de préstamos | Signatura topográfica completa | Código de barras | Fecha visto por última vez | Precio válido a partir de | Tipo de ítem Koha |
|---|---|---|---|---|---|---|---|---|---|---|---|---|---|---|---|
| Monografías: Libros y Folletos | General | General | En catalogación | 01.08.2013 | LF1 | 39974-10 | 25.06.2020 | 25.06.2020 | Préstamo en sala |
